000 00585nam a2200205Ia 4500
005 20250923145651.0
008 008 250917s9999 xx 000 0 eng d
037 _aTextual
040 _aDSWL
_beng
_cDSWL
041 _aeng
_2eng
084 _aY:(G:6), N84
_qDSWL
100 _aRose, S.
_9837726
245 0 _aNot in our genes : Biology, ideology and human nature
_c by S.Rose
260 _aHarmondsworth
_bPenguin Books
_c1984
300 _a322 p.
365 _aINR
_b56.17
925 _g56.17
942 _cTEXL
_hY:(G:6), N84
999 _c1454129
_d1454129